000 004370000a22001690004500
003 MACL
005 20160106155326.0
008 160106b xxu||||| |||| 00| 0 eng d
040 _aMACL
_cMACL
041 _aEnglish
082 _a832/BEL
100 _aBell, Edward
_928860
245 _aEarly and Miscellaneous Letters of J W Goethe
260 _bG Bell & Sons Ltd
_c1910
_aLondon
650 _aDrama
_928861
942 _cBK
_k832/BEL
_2ddc
999 _c37951
_d37951